Cómo evaluar y mejorar su capacidad de liderazgo (Registro nro. 6513)

Detalles MARC
000 -Cabecera
Campo de control de longitud fija 00696aam a2200253 4500
005 - Fecha y hora de la última transacción
Campo de control 20250814105317.0
008 - Elementos de longitud fija--Información general
Campo de control de longitud fija 150727b2000 xxu||||| |||| 00| 0 spa d
020 ## - International Standard Book Number
Número Internacional Estándar del Libro (ISBN) 8480888938
041 ## - Idioma
Código de idioma Español
082 ## - Clasificación Decimal Dewey
Número de clasificación 658.409.2 O58c
100 ## - Entrada principal--Autor personal
Nombre personal O'Neill, Brian
9 (RLIN) 38383
245 ## - Título propiamente dicho
Título Cómo evaluar y mejorar su capacidad de liderazgo
260 ## - Pie de imprenta
Lugar de publicación, distribución, etc. España
260 ## - Pie de imprenta
Nombre del editor, distribuidor, etc. Gestión 2000
260 ## - Pie de imprenta
Fecha de publicación, distribución, etc. 2000
300 ## - Descripción física
Extensión 119 páginas
490 ## - Serie
Título de la Serie Dirección y Administración de empresas
650 ## - Materia general
Temática (materia general) LIDERAZGO EJECUTIVO
650 ## - Materia general
Temática (materia general) CUALIDADES DE LÍDER
650 ## - Materia general
Temática (materia general) CREAR PROPIO MODELO DE LIDERAZGO
650 ## - Materia general
Temática (materia general) ESTILOS DE LIDERAZGO
650 ## - Materia general
Temática (materia general) TRABAJO EN EQUIPO
942 ## - Punto de acceso adicional KOHA
Tipo de ítem KOHA Libro
Fuente del sistema de clasificación o colocación Dewey Decimal Classification
Existencias
Signatura completa Código de barras Programa Académico Tipo de ítem
658.409.2 O58c 11738 Dirección y Administración de Empresas Libro